| 000 | 00704nam a22002057a 4500 | ||
|---|---|---|---|
| 999 |
_c21352 _d21352 |
||
| 003 | AR-CdUCM | ||
| 008 | 190227b ||||| |||| 00| 0 spa d | ||
| 020 | _a9789589029787 | ||
| 040 |
_aMUNICIPALIDAD PROVINCIAL DEL CUSCO _cBIBLIOTECA MUNICIPAL DEL CUSCO |
||
| 082 |
_a869.56/O82 _bO82 |
||
| 100 |
_aOspina Villalba, Galia _944523 |
||
| 245 |
_aJulio Ramón Ribeyro : _buna ilusión tentada por el fracaso / |
||
| 260 |
_aBogotá ; _bFundación Universitaria de Bogotá Jorge Tadeo Lozano, _c2006. |
||
| 300 |
_a255 Páginas. : _c20 cm. |
||
| 650 |
_aCrítica literaria _92609 |
||
| 650 |
_aLiteratura peruana _944524 |
||
| 650 |
_aJulio Ramón Riveyro _944525 |
||
| 942 |
_2ddc _cLIBROS |
||
| 945 | _aRoel | ||